[Event "Valladolid Piolin CC op 5th"]
[Site "Valladolid"]
[Date "2012.08.23"]
[Round "6"]
[White "Sanchez Moreno, Mario"]
[Black "Fernandez de la Fuente, Jose Antonio"]
[Result "1/2-1/2"]
[WhiteElo "1568"]
[BlackElo "1746"]
[PlyCount "68"]
[EventDate "2012.08.06"]
[EventType "swiss"]
[EventRounds "8"]
[EventCountry "ESP"]
[SourceTitle "EXT 2014"]
[Source "ChessBase"]
[SourceDate "2013.11.20"]
[SourceVersion "1"]
[SourceVersionDate "2013.11.20"]
[SourceQuality "1"]

1. e4 Nf6 2. e5 Nd5 3. Nc3 Nxc3 4. dxc3 d5 5. Nf3 e6 6. c4 c6 7. cxd5 cxd5 8. c4 Bb4+ 9. Bd2 Be7 10. Qb3 0-0 11. Be2 Nc6 12. 0-0 dxc4 13. Qe3 b5 14. a4 Ba6 15. axb5 Bxb5 16. b3 Nb4 17. Bxb4 Bxb4 18. bxc4 Bc6 19. Rab1 a5 20. Nd4 Rc8 21. Nb5 Bd2 22. Qg3 Bxb5 23. cxb5 Qb6 24. Rfd1 Rfd8 25. h3 Bb4 26. Rxd8+ Qxd8 27. Qd3 Qc7 28. Qe4 g6 29. Bf3 Qb6 30. Qb7 Rb8 31. Qxb6 Rxb6 32. Bc6 Rb8 33. Kf1 Kf8 34. Ke2 Rc8 1/2-1/2